000 00674nam a2200277Ia 4500
005 20260324145210.0
008 008 260324s9999 xx 000 0 eng d
020 _a9781003019657
037 _aEBOOK
040 _aCRL
040 _beng
040 _cCRL
041 _2eng
041 _aeng
084 _qCRL
100 _aJames W. Parins; Robert J. Dilligan; Todd K. Bender
_91222108
245 2 _aA Concordance to Conrad's Nostromo
260 _bTaylor and Francis
260 _c1984
365 _a
365 _b230
856 _uhttp://www.taylorfrancis.com/books/9781003019657
942 _cEBOOK
999 _c1829690
_d1829690